Ovládač SCADA systému control Web 2000 pre komunikáciu s PLC SIMATIC S7-300/400

Salvato in:
Dettagli Bibliografici
Autore principale: Semančík, Michal (Autore)
Altri autori: Kiaba, Branislav (Relatore della tesi), Balogh, Richard, 1969- (Relatore della tesi)
Natura: Manoscritto Libro
Lingua:slovacco
Pubblicazione: Bratislava : STU v Bratislave FEI, 2001
Soggetti:
Tags: Aggiungi Tag
Nessun Tag, puoi essere il primo ad aggiungerne!!

MARC

LEADER 00000ntm a22000003a 4500
001 stu58717
005 20160719164824.1
008 010716s2001------------------------slo-d
040 |a STU  |b slo 
041 0 |a slo 
100 1 |a Semančík, Michal  |4 aut 
245 1 |a Ovládač SCADA systému control Web 2000 pre komunikáciu s PLC SIMATIC S7-300/400 
260 |a Bratislava :  |b STU v Bratislave FEI,  |c 2001 
300 |a 107 s 
650 7 |a automatizácia  |2 stusub 
700 1 |a Kiaba, Branislav  |4 ths 
700 1 |a Balogh, Richard,  |d 1969-  |4 ths  |u E010  |T FEI Ústav riadenia a priemyselnej informatiky  |X 3706  |U E010  |Y E010  |7 A000003706